La resistencia /

Guardado en:
Autor Principal: Sabato, Ernesto
Formato: Libro
Publicado: Buenos Aires : Seix Barral, 2006
Series:Biblioteca Ernesto Sabato
Materias:
Etiquetas: Agregar Etiqueta
Sin Etiquetas, Sea el primero en etiquetar este registro!
LEADER 00645nam a22002055a 4500
001 CEM.cems013036
008 130507s2006##################000#0#####d
005 20230517110841.0
245 1 0 |a La resistencia /  |c Ernesto Sabato 
260 |a Buenos Aires :  |b Seix Barral,  |c 2006 
300 |a 152 p. 
490 0 |a Biblioteca Ernesto Sabato 
020 |a 9507314946 
100 1 |a Sabato, Ernesto 
653 |a Literatura 
653 |a Literatura argentina-siglo 20 
653 |a Ensayos 
653 |a Ensayo argentino 
859 |a CEMS  |b BIB. CEMS - Agricultura  |h A863.4  |i Sa13-1  |p A3602.23  |t Ej.1 
859 |a CEMS  |b BIB. CEMS - 11 de abril  |h A864.4  |i Sa13-2  |p 25454.08  |t Ej.1